000 nam a22 7a 4500
999 _c4885
_d4885
005 20210323122417.0
008 210323b2021 xxu||||| |||| 00| 0 eng d
020 _a798408011369
040 _aAKMAL
082 _a784.962 BAL
090 _a784.962
_bBAL
100 _aAndrew Balent and Quincy C.Hilliard
_99273
245 _aSkill Builders : Warmups and Technical Studies for the Developing Performer (Clarinet)
_b: Book 1
260 _aNew York
_bCarl Fischer
264 _aNew York
_bCarl Fischer
300 _a16 page
_c30cm
942 _2ddc
_cBOOK